000 00253nam a2200097Ia 4500
001 767518
005 20250826165401.0
008 250824s9999 xx 000 0 und d
245 0 _aPONYFEE VE BÜYÜLÜ LUNAPARK
_cBARBARA ZOSCHKE
260 _bMARTI YAYINLARI
999 _c767518
_d767518